| 000 | 00705nam a2200301Ia 4500 | ||
|---|---|---|---|
| 005 | 20260401122404.0 | ||
| 008 | 008 250103s9999 xx 000 0 eng d | ||
| 020 | _a1403936269 | ||
| 037 | _aTB | ||
| 040 | _aEDL | ||
| 040 | _beng | ||
| 040 | _cEDL | ||
| 041 | _2eng | ||
| 041 | _aeng | ||
| 084 | _a820.9 WAT | ||
| 084 | _qEDL | ||
| 100 |
_aWaters, Marry Y. _91233457 |
||
| 245 | 0 | _aBritish Women Writers and the Profession of Literary Criticism, 1789-1832 | |
| 245 | 0 | _cWaters, Marry Y. | |
| 260 | _aNew York | ||
| 260 | _bPalgrave Macmillan | ||
| 260 | _c2004 | ||
| 300 | _a225p | ||
| 942 | _cTB | ||
| 942 | _h820.9 WAT | ||
| 999 |
_c1846950 _d1846950 |
||